000 01048nam a22003017a 4500
003 CHAP
005 20220817043314.0
008 971013s1956 r 00010 d
010 _a71222
011 _a72194
035 _a81748
040 _cCHAP
082 _a331.7
_bC3
100 0 0 _aCámara Nacional de la Industria de la Transformación. México. Comisión Permanente de Planeación Industrial.
_924015
245 _aProceso ocupacional
_b: un análisis del proceso en México
260 _aMéxico, D.F. :
_bLa Cámara,
_c1956
300 _a211 p.
590 _aBATCH-UPD
_b10
_c20130110
_lUCH01
_h1643
590 _aBATCH-UPD
_b10
_c20130410
_lUCH01
_h1033
590 _aBATCH-UPD
_b10
_c20130914
_lUCH01
_h1823
590 _aCONVERSION
_b10
_c20130109
_lUCH01
_h1339
650 1 4 _aMéxico
_xCondiciones económicas.
650 1 4 _aTrabajo y trabajadores.
901 _aBK
942 _cLIBRO
949 _a331.7 C3
_bBC
_cBPA
_d33724000325684
_eBPA
_h2637
_i81748
_si
949 _a331.7 C3
_bBC
_cLIBRO
_d33724000325676
_eLIBRO
_fc.2
_h28936
_i81748
_si
999 _c71222
_d71222